000 00268nam a22001217a 4500
082 _a030
_bTAN/N
100 _aTANNER,OGDEN
245 _aNEW ENGLAND WILDS
260 _aNEW YORK
_bTIME LIFE BOOKS
300 _a184
650 _aGENERAL KNOWLEDGE
_zNEW YORK
942 _cBK
999 _c2949
_d2949